000 01822nac a2200277 a 4500
003 Co-PeBPM
005 20240920152931.0
007 ta
008 240920s2017 ck |||| |||| 00| 0 spa d
020 _aISBN 13: 9789584257079
020 _aISBN 10: 9584257072
040 _aCo-PeBPM
_bspa
_cCo-PeBPM
_erda
041 _aspa
082 0 4 _aCo863 B957v
_222
245 1 0 _aVer lo que veo
_c/ Roberto Burgos Cantor
250 _aPrimera edición
260 _aBogotá, Colombia
_b: Seix Barral,
_bEditorial Planeta Colombiana,
_c2017
300 _a541 páginas
_c23 centímetros
490 _aBiblioteca Breve
500 _aContiene datos biográficos del autor en la solapa del texto
520 _aEs el siglo XX y sobrevivir es la única aspiración de un barrio desplazado en la costa Caribe. Sus habitantes, visibles desde el estorbo que le generan a esta nueva sociedad, no logran pertenecer más que a sus miedos y recuerdos. Un hombre abrazado por la ruina se refugia en el azar del juego esperando que la vida le devuelva un pedacito de luz, el pasado que ya no pasa.Lejos de los casinos y las apuestas una mujer siempre ve lo mismo: el mar y su brillo, la ciudad amurallada, el mangle, los vecinos y extranjeros; plomeros, músicos, ladrones, prostitutas, carpinteros, estilistas, púgiles. Con sus ojos nos sumerge en los secretos de la vida de este submundo de deseos inconclusos. El escritor y aventurero Roberto Burgos Cantor escudriña y nos muestra un coro de voces errantes que en su prosa encuentren armonía. Así abre un mar inmenso donde transitar por las rutas de lo posible, más allá de la necesidad y del azar.
650 1 4 _aLiteratura colombiana
_2LEMB
650 1 4 _aNovela colombiana
_2LEMB
942 _2ddc
_cBK
_n0
999 _c59962
_d59962